[Event "16th EUR-ch"]
[Site "Jerusalem ISR"]
[Date "2015.03.01"]
[Round "5"]
[White "Lukin, Elisha"]
[Black "Parkhov, Yair"]
[Result "1-0"]
[WhiteElo "1721"]
[BlackElo "1997"]
[EventDate "2015.02.24"]
[PlyCount "53"]

1.d4 e6 2.e4 d5 3.Nc3 Nf6 4.Bg5 Be7 5.e5 Nfd7 6.h4 h6 7.Bxe7 Qxe7 8.Nf3 
O-O 9.Qd2 c5 10.O-O-O Nc6 11.Re1 a6 12.g4 f6 13.g5 fxg5 14.hxg5 Rxf3 15.
gxh6 g6 16.Bd3 cxd4 17.Reg1 Ndxe5 18.Bxg6 dxc3 19.h7+ Kh8 20.Qh6 Rf6 21.
Bf5 Ng6 22.Rxg6 Rxg6 23.Qxg6 Bd7 24.Rg1 Qf8 25.Bxe6 Bxe6 26.Qxe6 Re8 27.
Rg8+ 1-0

[Event "16th EUR-ch"]
[Site "Jerusalem ISR"]
[Date "2015.03.01"]
[Round "5"]
[White "Travinsky, Mark"]
[Black "Fainman, Tomer"]
[Result "1/2-1/2"]
[WhiteElo "1958"]
[BlackElo "1571"]
[EventDate "2015.02.24"]
[PlyCount "63"]

1.c4 c6 2.e4 d5 3.exd5 cxd5 4.d4 Nf6 5.Nf3 Bf5 6.Nc3 e6 7.Be2 Bb4 8.O-O 
O-O 9.Bg5 Nbd7 10.cxd5 Bxc3 11.bxc3 exd5 12.Qb3 Qb6 13.Ne5 Qxb3 14.axb3 
Ne4 15.Bd3 Nxg5 16.Bxf5 Nxe5 17.dxe5 g6 18.f4 Ne6 19.Bd3 Nc5 20.Bc2 Rfd8 
21.Rfd1 a6 22.g3 Rac8 23.b4 Ne4 24.Bxe4 dxe4 25.Rxd8+ Rxd8 26.Re1 Rd3 27.
Rxe4 Rxc3 28.e6 Kf8 29.exf7 Kxf7 30.Kf2 Rc2+ 31.Kg1 Rb2 32.h3 1/2-1/2

[Event "16th EUR-ch"]
[Site "Jerusalem ISR"]
[Date "2015.03.01"]
[Round "5"]
[White "Yaniv, Ori"]
[Black "Vardi, Shlomit"]
[Result "1/2-1/2"]
[WhiteElo "1579"]
[BlackElo "1945"]
[EventDate "2015.02.24"]
[PlyCount "110"]

1.e4 d6 2.d4 Nf6 3.Nc3 g6 4.f4 Bg7 5.Nf3 O-O 6.e5 dxe5 7.dxe5 Qxd1+ 8.Kxd1
Rd8+ 9.Ke1 Nd5 10.Nxd5 Rxd5 11.Bc4 Rd8 12.Ng5 e6 13.Be3 h6 14.Ne4 b6 15.
Kf2 Bb7 16.Nc3 a6 17.Rad1 Nc6 18.a3 Ne7 19.Rhf1 h5 20.Rg1 Nf5 21.g4 hxg4 
22.Rxg4 Rxd1 23.Nxd1 Rd8 24.Bd3 Ne7 25.Nc3 Nd5 26.Nxd5 exd5 27.h4 Bc8 28.
Rg2 Kf8 29.Rh2 c5 30.h5 gxh5 31.Rxh5 d4 32.Bd2 Re8 33.b4 Bd7 34.Bxa6 Ra8 
35.b5 Ke7 36.a4 Bc8 37.Bxc8 Rxc8 38.Rh3 Ra8 39.Ra3 Ke6 40.a5 bxa5 41.Rxa5 
Rb8 42.Ra6+ Kd5 43.Rd6+ Ke4 44.b6 c4 45.Ke2 c3 46.Bc1 Rb7 47.e6 fxe6 48.
Rxe6+ Kd5 49.f5 Be5 50.Ba3 Rh7 51.Kf3 Rb7 52.Rg6 Rf7 53.Kg4 Bb8 54.Kg5 Be5
55.f6 Ke6 1/2-1/2

[Event "16th EUR-ch"]
[Site "Jerusalem ISR"]
[Date "2015.03.01"]
[Round "5"]
[White "Gal, Moshe"]
[Black "Freiman, Mark"]
[Result "1-0"]
[WhiteElo "2154"]
[BlackElo "1873"]
[EventDate "2015.02.24"]
[PlyCount "61"]

1.d4 Nf6 2.c4 g6 3.Nc3 Bg7 4.e4 d6 5.Be2 O-O 6.Nf3 e5 7.dxe5 dxe5 8.Qxd8 
Rxd8 9.Nd5 Nxd5 10.cxd5 c6 11.Bc4 cxd5 12.Bxd5 Nc6 13.Bg5 Rf8 14.O-O Nd4 
15.Nxd4 exd4 16.b3 Re8 17.Rac1 h6 18.Bd2 Be6 19.Bxb7 Rab8 20.Ba6 Rb6 21.
Bd3 Re7 22.Rc5 Rbb7 23.Rfc1 Bf8 24.f3 Kg7 25.Rc6 Red7 26.Ba6 Rb6 27.Rxb6 
axb6 28.Bc8 Rd6 29.Bf4 Rd8 30.Bxe6 fxe6 31.Bc7 1-0

[Event "16th EUR-ch"]
[Site "Jerusalem ISR"]
[Date "2015.03.01"]
[Round "5"]
[White "Abend, Ilay"]
[Black "Shtivelband, Vladimir"]
[Result "0-1"]
[WhiteElo "1725"]
[BlackElo "2141"]
[EventDate "2015.02.24"]
[PlyCount "70"]

1.e4 e5 2.Nf3 Nc6 3.d4 exd4 4.Nxd4 Bc5 5.Be3 Qf6 6.c3 Nge7 7.Bc4 Bb6 8.O-O
Ne5 9.Be2 Qg6 10.Nd2 d6 11.Bh5 Qf6 12.f4 N5c6 13.Nc4 Bxd4 14.cxd4 d5 15.e5
Qe6 16.Nd2 Nf5 17.Bf2 Ncxd4 18.Bxd4 Nxd4 19.Qa4+ Nc6 20.Nf3 Qh6 21.Bxf7+ 
Kxf7 22.Qb3 Rd8 23.Rad1 Ne7 24.Rde1 Qb6+ 25.Qxb6 axb6 26.e6+ Kg8 27.a3 Ra4
28.Ng5 h6 29.Nf7 Re8 30.f5 Nc6 31.b4 Rxa3 32.Rc1 b5 33.Rc5 Rd3 34.Rxb5 b6 
35.Rc1 Nd4 0-1

[Event "16th EUR-ch"]
[Site "Jerusalem ISR"]
[Date "2015.03.01"]
[Round "5"]
[White "Berenboym, Igor"]
[Black "Chachashvili, Zuri"]
[Result "1/2-1/2"]
[WhiteElo "2112"]
[BlackElo "1818"]
[EventDate "2015.02.24"]
[PlyCount "124"]

1.d4 Nf6 2.Nf3 e6 3.g3 d5 4.Bg2 Be7 5.O-O O-O 6.Nbd2 b6 7.c4 Bb7 8.Ne5 
Nfd7 9.Nxd7 Nxd7 10.cxd5 exd5 11.Qb3 Nf6 12.Nf3 Rc8 13.Bf4 Ne4 14.Nd2 Nxd2
15.Bxd2 Bf6 16.e3 Qd7 17.Qd3 Rfe8 18.b4 Bc6 19.a4 Bxa4 20.Bxd5 Bb5 21.Bc4 
Bxc4 22.Qxc4 c5 23.bxc5 bxc5 24.Qa4 Qxa4 25.Rxa4 cxd4 26.exd4 Red8 27.Be3 
Rd5 28.Rb1 g6 29.Kg2 Rcd8 30.Rbb4 R8d7 31.Kf3 Kg7 32.Ke4 Bd8 33.g4 Bb6 34.
g5 Rf5 35.Bf4 f6 36.gxf6+ Kxf6 37.Be5+ Ke6 38.Rb2 Rg5 39.Rc4 Rg1 40.Rc6+ 
Ke7 41.Rb3 Re1+ 42.Re3 Rd1 43.Rc4 Ke6 44.Rc6+ Ke7 45.Bf6+ Ke8 46.Rc8+ Kf7 
47.Rf3 Ke6 48.Rc6+ Rd6 49.Rxd6+ Kxd6 50.Be5+ Kc6 51.Rf6+ Kb5 52.Rf7 Kc4 
53.Rxh7 a5 54.Rg7 Bxd4 55.Bxd4 Rxd4+ 56.Ke5 Rh4 57.Rxg6 Rxh2 58.f4 a4 59.
Ra6 Kb3 60.f5 a3 61.Rb6+ Kc3 62.f6 Rf2 1/2-1/2

[Event "16th EUR-ch"]
[Site "Jerusalem ISR"]
[Date "2015.03.01"]
[Round "5"]
[White "Zlatin, Alexander"]
[Black "Samarin, Leonid"]
[Result "1-0"]
[WhiteElo "2086"]
[BlackElo "1748"]
[EventDate "2015.02.24"]
[PlyCount "73"]

1.e4 e6 2.d4 d5 3.Nd2 dxe4 4.Nxe4 Nd7 5.Nf3 Ngf6 6.Nxf6+ Nxf6 7.Bd3 Be7 8.
O-O O-O 9.Re1 b6 10.Ne5 Bb7 11.Be2 Nd7 12.Bf3 Bxf3 13.Qxf3 Nxe5 14.dxe5 
Bg5 15.Bxg5 Qxg5 16.Qc6 Rac8 17.Re3 Rfd8 18.Rae1 h6 19.h3 a5 20.Qb7 Qe7 
21.a3 Rb8 22.Qe4 c5 23.Rg3 Rd4 24.Qe3 Kh8 25.c3 Rd5 26.Qf4 Rg8 27.Rf3 Rf8 
28.h4 f5 29.Rg3 Rfd8 30.Rg6 Kh7 31.h5 Rd1 32.Rxd1 Rxd1+ 33.Kh2 Re1 34.Qg3 
Qd7 35.f4 Qd1 36.Rxg7+ Kh8 37.Rg8+ 1-0

[Event "16th EUR-ch"]
[Site "Jerusalem ISR"]
[Date "2015.03.01"]
[Round "5"]
[White "Toporkova, Sofia"]
[Black "Or, Yochanan"]
[Result "1-0"]
[WhiteElo "1962"]
[BlackElo "1822"]
[EventDate "2015.02.24"]
[PlyCount "69"]

1.c4 Nf6 2.g3 e5 3.Bg2 c6 4.d4 e4 5.Nc3 d5 6.Bg5 Be7 7.e3 Na6 8.a3 Nc7 9.
Nge2 Ne6 10.Bxf6 Bxf6 11.cxd5 cxd5 12.Qb3 Nc7 13.Nf4 Be6 14.Nxe6 fxe6 15.
Qxb7 O-O 16.O-O Qd7 17.Qb3 Rab8 18.Qa4 Qc8 19.b4 Na8 20.Rfc1 Nb6 21.Qb3 
Qe8 22.Rc2 Bg5 23.a4 a6 24.Bf1 Rf6 25.a5 Qf7 26.axb6 Rxf2 27.Rxf2 Bxe3 28.
Nd1 Bxd4 29.Ne3 Qb7 30.Rxa6 Rc8 31.b5 h6 32.Kg2 Rc3 33.Qb4 Be5 34.Qf8+ Kh7
35.Rf7 1-0

[Event "16th EUR-ch"]
[Site "Jerusalem ISR"]
[Date "2015.03.01"]
[Round "5"]
[White "Bronstein, Or"]
[Black "Gottfried, Jonathan"]
[Result "1-0"]
[WhiteElo "1944"]
[BlackElo "1653"]
[EventDate "2015.02.24"]
[PlyCount "139"]

1.e4 e5 2.Nf3 Nc6 3.Bb5 Nf6 4.d3 Bc5 5.O-O d6 6.c3 O-O 7.h3 a6 8.Ba4 h6 9.
Re1 Ba7 10.d4 Qe7 11.d5 Nb8 12.c4 Nbd7 13.Nc3 Nh5 14.Bc2 Rd8 15.Rb1 Nf8 
16.b4 Ng6 17.Ne2 Qf6 18.Rb3 Nh4 19.Rf1 g5 20.Nxh4 gxh4 21.Be3 Bxe3 22.Rxe3
Kh8 23.f4 Rg8 24.Ref3 Qg6 25.R1f2 f6 26.fxe5 fxe5 27.Qd3 Bd7 28.Rf7 Rg7 
29.Qf3 Rag8 30.Rxg7 Rxg7 31.Kf1 Be8 32.Ke1 Kh7 33.Qf5 Rf7 34.Qxg6+ Kxg6 
35.Rxf7 Bxf7 36.Kf2 Kg5 37.Bd1 Nf6 38.Ke3 Bg6 39.Bc2 Nh5 40.Ng1 Nf4 41.
Nf3+ Kf6 42.Kf2 Bh7 43.Nxh4 h5 44.Nf3 Bg6 45.h4 Be8 46.g3 Ng6 47.Ng5 Bd7 
48.Bd1 Bg4 49.Bxg4 hxg4 50.Ne6 c6 51.dxc6 bxc6 52.Nc7 Ke7 53.Nxa6 Kd8 54.
c5 dxc5 55.Nxc5 Kc7 56.h5 Nf8 57.h6 Kd6 58.a4 Ng6 59.h7 Kc7 60.a5 Nh8 61.
Ke3 Kb8 62.Nd7+ Ka7 63.Nxe5 Ka6 64.Nxc6 Kb5 65.Ne5 Kxb4 66.a6 Kb5 67.a7 
Kb4 68.a8=Q Kb5 69.Qxh8 Kb4 70.Qb8+ 1-0

[Event "16th EUR-ch"]
[Site "Jerusalem ISR"]
[Date "2015.03.02"]
[Round "6"]
[White "Najer, Evgeniy"]
[Black "Eljanov, Pavel"]
[Result "1/2-1/2"]
[WhiteElo "2634"]
[BlackElo "2727"]
[EventDate "2015.02.24"]
[PlyCount "51"]

1.e4 e5 2.Nf3 Nc6 3.d4 exd4 4.Nxd4 Bc5 5.Nxc6 Qf6 6.Qf3 bxc6 7.Nc3 Bd4 8.
Na4 d6 9.c3 Qxf3 10.gxf3 Bf6 11.b3 Ne7 12.h4 h5 13.Bg5 Bxg5 14.hxg5 g6 15.
f4 c5 16.f3 Bb7 17.Kf2 O-O-O 18.Bd3 Rdf8 19.Rh4 f5 20.gxf6 Rxf6 21.Rg1 
Rhf8 22.Ke3 Re8 23.Kf2 Ref8 24.Ke3 Re8 25.Kf2 Ref8 26.Ke3 1/2-1/2

[Event "16th EUR-ch"]
[Site "Jerusalem ISR"]
[Date "2015.03.02"]
[Round "6"]
[White "Motylev, Alexander"]
[Black "Vovk, Yuri"]
[Result "1-0"]
[WhiteElo "2665"]
[BlackElo "2588"]
[EventDate "2015.02.24"]
[PlyCount "117"]

1.e4 c5 2.Nf3 e6 3.d4 cxd4 4.Nxd4 a6 5.Bd3 Nf6 6.O-O Qc7 7.Qe2 d6 8.c4 g6 
9.Nc3 Bg7 10.Nf3 O-O 11.Bg5 Nbd7 12.Rac1 b6 13.Rfd1 Bb7 14.Bb1 Rac8 15.b3 
Rfe8 16.Qd2 Bf8 17.Qf4 d5 18.Qxc7 Rxc7 19.Bf4 Rcc8 20.e5 Nh5 21.Be3 Bb4 
22.Na4 b5 23.cxb5 axb5 24.Nb6 Nxb6 25.Bxb6 Nf4 26.Kf1 Bc3 27.Be3 g5 28.g3 
g4 29.Nd4 Ng6 30.Nxb5 Bxe5 31.Bd3 Bb8 32.a4 Ne5 33.Be2 Nf3 34.Nd4 Rxc1 35.
Rxc1 Nxd4 36.Bxd4 e5 37.Bb6 h5 38.Bb5 Re6 39.Bc7 Ba7 40.Ba5 Rf6 41.Be1 Bb8
42.a5 Kg7 43.Ra1 Ba7 44.Rc1 Bb8 45.b4 d4 46.Bc4 e4 47.b5 Be5 48.a6 Ba8 49.
Be2 d3 50.Rc8 dxe2+ 51.Kxe2 Rb6 52.Rxa8 Rxb5 53.a7 Rb2+ 54.Kf1 Ra2 55.Re8 
Bxg3 56.a8=Q Rxa8 57.Rxa8 Bxh2 58.Bc3+ Kh7 59.Ra7 1-0

[Event "16th EUR-ch"]
[Site "Jerusalem ISR"]
[Date "2015.03.02"]
[Round "6"]
[White "Smirin, Ilia"]
[Black "Shimanov, Aleksandr"]
[Result "1/2-1/2"]
[WhiteElo "2650"]
[BlackElo "2594"]
[EventDate "2015.02.24"]
[PlyCount "29"]

1.e4 e5 2.Nf3 Nc6 3.Bb5 Nf6 4.d3 Bc5 5.c3 O-O 6.O-O Re8 7.Nbd2 a6 8.Bxc6 
dxc6 9.Nc4 Nd7 10.b4 Bd6 11.Qb3 Nf8 12.Bg5 Qd7 13.Rfe1 Qg4 14.Nxd6 cxd6 
15.Be3 1/2-1/2

[Event "16th EUR-ch"]
[Site "Jerusalem ISR"]
[Date "2015.03.02"]
[Round "6"]
[White "Sutovsky, Emil"]
[Black "Volokitin, Andrei"]
[Result "1/2-1/2"]
[WhiteElo "2626"]
[BlackElo "2646"]
[EventDate "2015.02.24"]
[PlyCount "114"]

1.Nf3 d5 2.c4 e6 3.g3 dxc4 4.Qa4+ Nd7 5.Bg2 a6 6.Qxc4 b5 7.Qc2 Bb7 8.O-O 
c5 9.a4 Ngf6 10.axb5 axb5 11.Rxa8 Qxa8 12.Na3 Bc6 13.Nh4 Nd5 14.Bxd5 exd5 
15.d4 b4 16.Nb1 c4 17.e4 dxe4 18.Nd2 Bd5 19.Nxc4 Qc6 20.b3 g6 21.Bf4 Be7 
22.Nd6+ Bxd6 23.Qxc6 Bxc6 24.Bxd6 Nb6 25.Ra1 Kd7 26.Bxb4 Ra8 27.Rxa8 Bxa8 
28.Ng2 Nd5 29.Bd2 Bc6 30.Ne3 Nxe3 31.Bxe3 h5 32.Kg2 Ke6 33.Kh3 Bd5 34.b4 
Bc4 35.g4 hxg4+ 36.Kxg4 f6 37.Bh6 Bb5 38.h4 Bd7 39.Kf4 Bc6 40.Bg7 Kf7 41.
Bh8 Ke6 42.Ke3 Kf7 43.Ke2 Ke7 44.Kd2 Ke6 45.Kc3 Bb5 46.Kd2 Ke7 47.d5 Kd6 
48.Bxf6 Kxd5 49.Ke3 Ba4 50.Kf4 Bd1 51.Be7 Bf3 52.Kg5 Bh5 53.b5 Ke6 54.Bc5 
Kd7 55.Be3 Kc7 56.Kf6 Kb7 57.Ke5 Be2 1/2-1/2

[Event "16th EUR-ch"]
[Site "Jerusalem ISR"]
[Date "2015.03.02"]
[Round "6"]
[White "Bukavshin, Ivan"]
[Black "Vallejo Pons, Francisco"]
[Result "1-0"]
[WhiteElo "2622"]
[BlackElo "2706"]
[EventDate "2015.02.24"]
[PlyCount "65"]

1.d4 Nf6 2.c4 e6 3.Nc3 Bb4 4.Nf3 b6 5.e3 Ne4 6.Qc2 Bb7 7.Bd3 Bxc3+ 8.bxc3 
f5 9.O-O O-O 10.a4 Nc6 11.Ba3 Rf6 12.Rfb1 Rb8 13.Bb4 Rg6 14.Bf1 Rh6 15.Rd1
g5 16.Nd2 g4 17.g3 Nxb4 18.cxb4 Qg5 19.d5 Nxd2 20.Rxd2 Qh5 21.h4 gxh3 22.
Kh2 d6 23.a5 Qf3 24.axb6 axb6 25.Ra7 Rg6 26.Qd1 Qg4 27.Rd4 Qg5 28.Rh4 Qf6 
29.Bxh3 Qb2 30.Kg1 Ra8 31.Rxa8+ Bxa8 32.Qa4 Qc1+ 33.Bf1 1-0

[Event "16th EUR-ch"]
[Site "Jerusalem ISR"]
[Date "2015.03.02"]
[Round "6"]
[White "Erdos, Viktor"]
[Black "Matlakov, Maxim"]
[Result "1/2-1/2"]
[WhiteElo "2615"]
[BlackElo "2695"]
[EventDate "2015.02.24"]
[PlyCount "99"]

1.Nf3 d5 2.g3 Bg4 3.Bg2 e6 4.O-O Nd7 5.d3 Bd6 6.c4 c6 7.cxd5 exd5 8.e4 
dxe4 9.dxe4 Ne5 10.Nbd2 Ne7 11.Qc2 Nxf3+ 12.Nxf3 O-O 13.h3 Bh5 14.Be3 Bg6 
15.Nh4 Nd5 16.Bd2 Nc7 17.f4 Be7 18.Nxg6 hxg6 19.Be3 Ne6 20.a3 Qc7 21.h4 
Rfd8 22.Rad1 Rxd1 23.Rxd1 Rd8 24.Rxd8+ Bxd8 25.Qd2 Be7 26.Bh3 a5 27.Qc3 
Qd6 28.Qc2 Nd4 29.Qc4 c5 30.Bxd4 Qxd4+ 31.Qxd4 cxd4 32.Bf1 d3 33.Bxd3 Bc5+
34.Kg2 a4 35.Bc2 b5 36.Bd3 b4 37.axb4 Bxb4 38.Bc2 a3 39.bxa3 Bxa3 40.e5 
Kf8 41.Kf3 Bb4 42.e6 fxe6 43.Bxg6 Be1 44.h5 Ke7 45.g4 Bd2 46.Bc2 Bc1 47.
Bb3 Bd2 48.Ke4 Bc1 49.g5 Bb2 50.Bc4 1/2-1/2

[Event "16th EUR-ch"]
[Site "Jerusalem ISR"]
[Date "2015.03.02"]
[Round "6"]
[White "Andriasian, Zaven"]
[Black "Moiseenko, Alexander"]
[Result "1/2-1/2"]
[WhiteElo "2612"]
[BlackElo "2695"]
[EventDate "2015.02.24"]
[PlyCount "50"]

1.e4 c5 2.Nf3 Nc6 3.Bb5 d6 4.O-O Bd7 5.c3 Nf6 6.Re1 a6 7.Ba4 b5 8.Bc2 Bg4 
9.h3 Bxf3 10.Qxf3 g6 11.a4 Rb8 12.axb5 axb5 13.Qd1 Bh6 14.Na3 O-O 15.Bd3 
c4 16.Bf1 Na5 17.d3 Bxc1 18.Rxc1 cxd3 19.Qxd3 b4 20.cxb4 Rxb4 21.e5 dxe5 
22.Rxe5 Nb3 23.Rc4 Rb7 24.Rb5 Qxd3 25.Bxd3 Rxb5 1/2-1/2

[Event "16th EUR-ch"]
[Site "Jerusalem ISR"]
[Date "2015.03.02"]
[Round "6"]
[White "Grandelius, Nils"]
[Black "Sjugirov, Sanan"]
[Result "1/2-1/2"]
[WhiteElo "2609"]
[BlackElo "2678"]
[EventDate "2015.02.24"]
[PlyCount "28"]

1.d4 Nf6 2.c4 e6 3.Nf3 d5 4.Nc3 c6 5.e3 Nbd7 6.Qc2 Bd6 7.b3 O-O 8.Bb2 Qe7 
9.Bd3 Re8 10.Ne2 b6 11.cxd5 cxd5 12.O-O Bb7 13.Rac1 Rec8 14.Qb1 h6 1/2-1/2

[Event "16th EUR-ch"]
[Site "Jerusalem ISR"]
[Date "2015.03.02"]
[Round "6"]
[White "Solak, Dragan"]
[Black "Kuzubov, Yuriy"]
[Result "1/2-1/2"]
[WhiteElo "2607"]
[BlackElo "2667"]
[EventDate "2015.02.24"]
[PlyCount "59"]

1.e4 e5 2.Nf3 Nf6 3.Nxe5 d6 4.Nf3 Nxe4 5.d4 d5 6.Bd3 Nc6 7.O-O Be7 8.Nc3 
Nxc3 9.bxc3 Bg4 10.Rb1 Rb8 11.Re1 O-O 12.h3 Bh5 13.Bf5 Bg6 14.Bxg6 hxg6 
15.c4 a6 16.Qd3 dxc4 17.Qxc4 Bf6 18.Bf4 Nxd4 19.Nxd4 Qxd4 20.Qxd4 Bxd4 21.
Bxc7 Rbe8 22.Red1 Bc5 23.Rd5 b6 24.Bxb6 Bxb6 25.Rxb6 Re1+ 26.Kh2 Re2 27.
Kg3 Rc8 28.h4 Rc3+ 29.Rd3 Rexc2 30.Rxc3 1/2-1/2

[Event "16th EUR-ch"]
[Site "Jerusalem ISR"]
[Date "2015.03.02"]
[Round "6"]
[White "Grigoryan, Karen"]
[Black "Howell, David"]
[Result "0-1"]
[WhiteElo "2596"]
[BlackElo "2663"]
[EventDate "2015.02.24"]
[PlyCount "74"]

1.c4 g6 2.e4 e5 3.Nf3 Nf6 4.Nc3 Nc6 5.d4 exd4 6.Nxd4 Bg7 7.Nxc6 dxc6 8.
Qxd8+ Kxd8 9.e5 Nd7 10.f4 f6 11.c5 Re8 12.Be3 fxe5 13.O-O-O Bh6 14.Bc4 
exf4 15.Bd4 Ke7 16.Rhe1+ Kf8 17.Rxe8+ Kxe8 18.Kc2 Kf8 19.Be6 Nb6 20.cxb6 
Bxe6 21.bxc7 Bg5 22.Be5 Re8 23.Bd6+ Kf7 24.Rd4 Bf5+ 25.Kb3 Rc8 26.Ne4 Bh6 
27.Be5 Ke6 28.Bh8 Rxc7 29.Nc5+ Kf7 30.Be5 Re7 31.Bxf4 Bg7 32.Rd2 b6 33.Nd3
Re4 34.Rf2 c5 35.Ka3 Bd4 36.Rf3 Ke8 37.Nc1 c4 0-1

[Event "16th EUR-ch"]
[Site "Jerusalem ISR"]
[Date "2015.03.02"]
[Round "6"]
[White "Svetushkin, Dmitry"]
[Black "Akopian, Vladimir"]
[Result "1/2-1/2"]
[WhiteElo "2592"]
[BlackElo "2660"]
[EventDate "2015.02.24"]
[PlyCount "158"]

1.e4 e6 2.d4 d5 3.Nc3 Bb4 4.e5 c5 5.a3 Bxc3+ 6.bxc3 Qa5 7.Bd2 Qa4 8.Qg4 
Kf8 9.Qd1 b6 10.dxc5 bxc5 11.c4 Ba6 12.cxd5 Bxf1 13.Kxf1 exd5 14.f4 Ne7 
15.Nf3 h5 16.Kf2 Nbc6 17.c3 Qa6 18.Qc2 g6 19.Be3 Qa5 20.c4 d4 21.Bd2 Qa6 
22.Rhb1 Kg7 23.Rb5 Rab8 24.a4 Nf5 25.Rab1 Rbc8 26.a5 Nd8 27.Qe4 Re8 28.Qd5
Ne6 29.Qb7 Rc6 30.Ne1 Qxb7 31.Rxb7 Ra6 32.Nd3 Ne3 33.Rc1 g5 34.g3 Ng4+ 35.
Kg2 gxf4 36.gxf4 Kg6 37.h3 Nh6 38.Kf3 Kf5 39.Rg1 Rc6 40.Rg5+ Nxg5+ 41.fxg5
Ng8 42.Rxf7+ Kg6 43.Rxa7 Kf5 44.Rf7+ Kg6 45.Rb7 Kf5 46.Nf4 Kxe5 47.Nxh5 d3
48.Rd7 Ke6 49.Rxd3 Kf7 50.Nf4 Ne7 51.Rd7 Kf8 52.Kg4 Rb8 53.Bc3 Ke8 54.Rd1 
Rb3 55.Bf6 Ng8 56.Rd8+ Kf7 57.g6+ Kxf6 58.Rxg8 Rb1 59.Nd5+ Ke5 60.Kh5 Rg1 
61.Ne3 Kd4 62.Ng4 Rc7 63.g7 Kxc4 64.Kg6 Rc6+ 65.Kg5 Rc7 66.Kf6 Rc6+ 67.Kf5
Rc7 68.a6 Kc3 69.h4 Rf7+ 70.Kg5 Rd7 71.h5 Rd4 72.a7 Rgxg4+ 73.Kh6 Rd6+ 74.
Kh7 Rh4 75.Rc8 Rxh5+ 76.Kg8 Ra6 77.a8=Q Rxa8 78.Rxa8 c4 79.Kf7 Rh7 1/2-1/2

[Event "16th EUR-ch"]
[Site "Jerusalem ISR"]
[Date "2015.03.02"]
[Round "6"]
[White "Khismatullin, Denis"]
[Black "Zubov, Alexander"]
[Result "1-0"]
[WhiteElo "2653"]
[BlackElo "2607"]
[EventDate "2015.02.24"]
[PlyCount "65"]

1.Nf3 Nf6 2.g3 d5 3.Bg2 g6 4.c4 c6 5.Qa4 dxc4 6.Qxc4 Bg7 7.O-O O-O 8.d3 
Qa5 9.Qh4 Qh5 10.Qxh5 Nxh5 11.Nc3 Rd8 12.Bd2 Na6 13.Rfc1 h6 14.Rab1 Be6 
15.b4 Bxc3 16.Rxc3 Bxa2 17.Ra1 Bd5 18.Rca3 g5 19.Ne5 Rac8 20.Bh3 Ra8 21.
Ng4 Kh7 22.Ne3 Nf6 23.Ra5 Be6 24.Bg2 Nc7 25.Rxa7 Rab8 26.Bxc6 bxc6 27.Rxc7
Bd7 28.Raa7 Rbc8 29.Rxc8 Rxc8 30.Nc4 Be6 31.Rxe7 Rb8 32.Ne5 Nd5 33.Ra7 1-0

[Event "16th EUR-ch"]
[Site "Jerusalem ISR"]
[Date "2015.03.02"]
[Round "6"]
[White "Mchedlishvili, Mikheil"]
[Black "Mamedov, Rauf"]
[Result "1/2-1/2"]
[WhiteElo "2586"]
[BlackElo "2650"]
[EventDate "2015.02.24"]
[PlyCount "95"]

1.d4 Nf6 2.c4 g6 3.Nc3 Bg7 4.e4 O-O 5.Be2 d6 6.Nf3 e5 7.O-O c6 8.d5 Na6 9.
Ne1 Nc5 10.f3 cxd5 11.cxd5 Nh5 12.Be3 a6 13.Qd2 Nf4 14.b4 Nd7 15.Nd3 Nxe2+
16.Nxe2 f5 17.exf5 gxf5 18.Nc3 Nf6 19.Nb2 f4 20.Bf2 Bf5 21.Rac1 Rc8 22.
Rfe1 Bg6 23.Nbd1 Qc7 24.Nb2 Qf7 25.Nba4 Bh6 26.Nb6 Rc7 27.Bh4 Nd7 28.Nxd7 
Qxd7 29.Bf2 Rfc8 30.Ne4 Bxe4 31.fxe4 Qg4 32.Rxc7 Rxc7 33.h3 Qxg2+ 34.Kxg2 
f3+ 35.Kxf3 Bxd2 36.Rb1 b5 37.Rb3 Kf7 38.Bb6 Rc2 39.Ra3 Bxb4 40.Rxa6 Rc3+ 
41.Kg2 Ba3 42.Bc7 Ke7 43.Ra7 Kf6 44.Bd8+ Kg6 45.Be7 Rc2+ 46.Kg3 Rc3+ 47.
Kg2 Rc2+ 48.Kg3 1/2-1/2

[Event "16th EUR-ch"]
[Site "Jerusalem ISR"]
[Date "2015.03.02"]
[Round "6"]
[White "Gajewski, Grzegorz"]
[Black "Ipatov, Alexander"]
[Result "1/2-1/2"]
[WhiteElo "2646"]
[BlackElo "2592"]
[EventDate "2015.02.24"]
[PlyCount "48"]

1.d4 d6 2.Nf3 Nf6 3.c4 g6 4.Nc3 Bf5 5.g3 Ne4 6.Bg2 Nxc3 7.bxc3 Bg7 8.O-O 
O-O 9.Nh4 Bc8 10.Rb1 Nc6 11.f4 e6 12.e4 Ne7 13.g4 f5 14.gxf5 gxf5 15.e5 d5
16.cxd5 Nxd5 17.Qe1 b5 18.Ba3 Rf7 19.Rxb5 c6 20.Bxd5 cxd5 21.Rb2 Ba6 22.
Rf3 Rb8 23.Rxb8 Qxb8 24.Bd6 Qd8 1/2-1/2

[Event "16th EUR-ch"]
[Site "Jerusalem ISR"]
[Date "2015.03.02"]
[Round "6"]
[White "Goryachkina, Aleksandra"]
[Black "Popov, Ivan"]
[Result "0-1"]
[WhiteElo "2451"]
[BlackElo "2639"]
[EventDate "2015.02.24"]
[PlyCount "88"]

1.d4 Nf6 2.c4 b6 3.Nf3 Bb7 4.Nc3 e6 5.e3 Bb4 6.Bd2 O-O 7.Bd3 d6 8.O-O e5 
9.d5 Nbd7 10.e4 Nc5 11.Qc2 Bc8 12.Ne2 Bxd2 13.Nxd2 a5 14.Ng3 h5 15.Rfe1 h4
16.Nf5 Nh5 17.g3 hxg3 18.hxg3 g6 19.Be2 gxf5 20.Bxh5 Qg5 21.Bf3 Kg7 22.Kg2
fxe4 23.Nxe4 Nxe4 24.Bxe4 f5 25.Bf3 f4 26.Rh1 Bf5 27.Qc3 Rh8 28.Rag1 Kf7 
29.Kf1 Rxh1 30.Rxh1 fxg3 31.fxg3 Ke7 32.Kf2 Rg8 33.Rg1 Bg4 34.Be4 Rf8+ 35.
Ke1 Bf5 36.Bf3 Bg6 37.Be2 Rh8 38.Qd2 Qf5 39.Rf1 Qb1+ 40.Bd1 Kd7 41.Qg5 Kc8
42.c5 bxc5 43.Qg4+ Kb8 44.Qe2 Bd3 0-1

[Event "16th EUR-ch"]
[Site "Jerusalem ISR"]
[Date "2015.03.02"]
[Round "6"]
[White "Ivanisevic, Ivan"]
[Black "Brkic, Ante"]
[Result "1/2-1/2"]
[WhiteElo "2638"]
[BlackElo "2586"]
[EventDate "2015.02.24"]
[PlyCount "65"]

1.d4 Nf6 2.c4 e6 3.Nc3 Bb4 4.g3 d5 5.Bg2 O-O 6.a3 Be7 7.cxd5 exd5 8.Nh3 c6
9.O-O a5 10.Nf4 Re8 11.b3 Na6 12.f3 c5 13.Be3 b6 14.dxc5 Bxc5 15.Bxc5 Nxc5
16.Ncxd5 Nxd5 17.Qxd5 Bb7 18.Qxd8 Raxd8 19.b4 Nb3 20.Ra2 Nd2 21.Rf2 Re3 
22.bxa5 bxa5 23.Rb2 Ba6 24.Nd5 Nc4 25.Nxe3 Nxb2 26.Rf1 Rd2 27.Rc1 g6 28.
Rc5 Rxe2 29.Rxa5 Bd3 30.Ra8+ Kg7 31.Re8 Re1+ 32.Bf1 Ra1 33.Kg2 1/2-1/2

[Event "16th EUR-ch"]
[Site "Jerusalem ISR"]
[Date "2015.03.02"]
[Round "6"]
[White "Hracek, Zbynek"]
[Black "Zhigalko, Andrey"]
[Result "0-1"]
[WhiteElo "2631"]
[BlackElo "2572"]
[EventDate "2015.02.24"]
[PlyCount "78"]

1.e4 c5 2.Nf3 d6 3.d4 cxd4 4.Nxd4 Nf6 5.Nc3 a6 6.h3 e6 7.g4 Be7 8.g5 Nfd7 
9.h4 b5 10.a3 Bb7 11.Be3 Nb6 12.Qd2 N8d7 13.O-O-O Rc8 14.Kb1 Qc7 15.Rh3 
Nc4 16.Bxc4 Qxc4 17.Nb3 b4 18.axb4 Qxb4 19.Qd4 Qxd4 20.Bxd4 O-O 21.f4 f6 
22.Be3 Ba8 23.f5 exf5 24.exf5 fxg5 25.Bxg5 Bxg5 26.hxg5 Rxf5 27.Rxd6 Ne5 
28.Rxa6 Rxg5 29.Nd4 h5 30.Ra5 g6 31.Nd5 Rd8 32.Nf4 Nf3 33.Rxg5 Nxg5 34.Rd3
Be4 35.Rg3 Rxd4 36.Rxg5 Kf7 37.Nxh5 Rd1+ 38.Ka2 Rd5 39.Rg4 Bxc2 0-1

[Event "16th EUR-ch"]
[Site "Jerusalem ISR"]
[Date "2015.03.02"]
[Round "6"]
[White "Kantarji, Pinchas"]
[Black "Kozul, Zdenko"]
[Result "1-0"]
[WhiteElo "2420"]
[BlackElo "2630"]
[EventDate "2015.02.24"]
[PlyCount "153"]

1.d4 Nf6 2.c4 g6 3.Nc3 Bg7 4.e4 d6 5.f3 O-O 6.Be3 e5 7.d5 Nh5 8.Qd2 f5 9.
O-O-O a5 10.Bd3 Na6 11.Nge2 Nf6 12.h3 f4 13.Bf2 Nd7 14.Kb1 Ndc5 15.Nc1 
Nxd3 16.Nxd3 b6 17.b3 Bd7 18.Nb2 g5 19.a3 h5 20.Qe2 Qf6 21.Kc2 g4 22.hxg4 
hxg4 23.Nb5 Kf7 24.Rdg1 Rh8 25.Qf1 Qg6 26.Be1 g3 27.Rxh8 Rxh8 28.Nd3 Rh2 
29.Bd2 Qh5 30.b4 axb4 31.axb4 Bxb5 32.cxb5 Nb8 33.Kb3 Bf6 34.Ne1 Nd7 35.
Qc4 Bd8 36.Bc3 Nf6 37.Kc2 Nh7 38.Kb3 Ng5 39.Ka3 Rh1 40.Qf1 Rxg1 41.Qxg1 
Nxe4 42.fxe4 Qh7 43.Nf3 Qxe4 44.Qd1 Bf6 45.Kb3 Qf5 46.Ng1 Kg6 47.Ka3 Bg5 
48.Nf3 Bd8 49.Qe2 Bg5 50.Qc4 Bf6 51.Qxc7 Qd3 52.Qc6 Kh6 53.Qc8 Qxd5 54.Qf5
Qf7 55.Kb2 Qe7 56.Kc1 Kg7 57.Qe4 Qf7 58.Qc6 Qb3 59.Nd2 Qa3+ 60.Kc2 Qa2+ 
61.Kd1 Qe6 62.Qxb6 Qg4+ 63.Ke1 Qh5 64.Qc7+ Kg6 65.Qc6 Qh1+ 66.Ke2 Qg1 67.
Qe4+ Kf7 68.Qd5+ Ke7 69.Kd3 Kd7 70.Kc2 Qa7 71.Qc6+ Ke6 72.b6 Qa2+ 73.Kc1 
Qa6 74.b5 Qa3+ 75.Bb2 Qe3 76.b7 f3 77.b8=Q 1-0

[Event "16th EUR-ch"]
[Site "Jerusalem ISR"]
[Date "2015.03.02"]
[Round "6"]
[White "Stefansson, Hannes"]
[Black "Salgado Lopez, Ivan"]
[Result "1-0"]
[WhiteElo "2573"]
[BlackElo "2628"]
[EventDate "2015.02.24"]
[PlyCount "143"]

1.Nf3 Nf6 2.c4 b6 3.g3 Bb7 4.Bg2 e6 5.O-O Be7 6.d4 O-O 7.Nc3 Ne4 8.Qc2 
Nxc3 9.Qxc3 f5 10.b3 Bf6 11.Bb2 d6 12.Rad1 Qe8 13.Ne1 Bxg2 14.Nxg2 a5 15.
Qf3 Nd7 16.e4 fxe4 17.Qxe4 e5 18.Qd5+ Qf7 19.Ne3 a4 20.b4 a3 21.Bc3 h5 22.
Kg2 Kh7 23.Qxf7 Rxf7 24.Nd5 exd4 25.Bxd4 Bxd4 26.Rxd4 c5 27.Rh4 cxb4 28.
Nxb4 g5 29.Rd4 Ra4 30.Rb1 Ne5 31.Rxd6 Nxc4 32.Rd5 Ra5 33.Rb3 Kg6 34.Rxa5 
bxa5 35.Nc2 h4 36.Nxa3 Nd2 37.Rb6+ Kg7 38.Rb5 Ne4 39.f3 h3+ 40.Kxh3 Rxf3 
41.Rxa5 Rc3 42.Nb5 Rd3 43.Ra4 Nf6 44.Rd4 Re3 45.Rd2 g4+ 46.Kg2 Ne4 47.Rc2 
Re1 48.Nd4 Ra1 49.Ne2 Kf6 50.Nf4 Kf5 51.Nd3 Kg5 52.Nf2 Nf6 53.h3 gxh3+ 54.
Nxh3+ Kg6 55.Nf4+ Kf5 56.Nd3 Ne4 57.Nf2 Nxf2 58.Kxf2 Kg4 59.Rc4+ Kg5 60.
Ra4 Kf5 61.Rf4+ Kg5 62.a4 Ra2+ 63.Kf3 Ra3+ 64.Kg2 Ra1 65.Rb4 Kf5 66.g4+ 
Kg5 67.Kf3 Ra3+ 68.Ke2 Rg3 69.Rc4 Rh3 70.Kd2 Rh1 71.Kc3 Rb1 72.a5 1-0